Loading...
| Fine Arts - Classical Music | 0 | 6 | 0 | 0 | 60 | 80 | 109.33 | 1 | 3 | 0.00 | 0.00 |
| Literature - American | 0 | 5 | 0 | 0 | 50 | 19 | 92.60 | 1 | 2 | 0.00 | 0.00 |
| Literature - British | 0 | 4 | 0 | 0 | 40 | 115 | 130.25 | 0 | 0 | 0.00 | 0.00 |
| Fine Arts - Other | 0 | 2 | 0 | 0 | 20 | 43 | 64.50 | 1 | 2 | 0.00 | 0.00 |
| History - European | 0 | 1 | 0 | 0 | 10 | 54 | 54.00 | 1 | 1 | 0.00 | 0.00 |
| History - American | 0 | 1 | 0 | 1 | 10 | 110 | 110.00 | 0 | 0 | 0.00 | 0.00 |
| Literature - European | 0 | 1 | 0 | 0 | 10 | 136 | 136.00 | 1 | 1 | 0.00 | 0.00 |
| Literature - World | 0 | 1 | 1 | 0 | 5 | 147 | 147.00 | 0 | 0 | 0.00 | 0.00 |
| Fine Arts - Painting & Sculpture | 0 | 1 | 1 | 0 | 5 | 132 | 132.00 | 0 | 0 | 0.00 | 0.00 |